| 000 | 01387nam a2200277 c 4500 | ||
|---|---|---|---|
| 999 |
_c344309 _d344309 |
||
| 003 | BLK | ||
| 005 | 20191007115210.0 | ||
| 008 | 180911b bul|||||r ||||||| ||bul|| | ||
| 010 | _a003974 | ||
| 040 | _aBLK | ||
| 041 |
_aSER _cBUL |
||
| 080 | _z886.1-34886.1-845886.1-84 | ||
| 100 | 1 |
_aКАРАДЖИЧ, Вук _eпърви автор _9396880 |
|
| 245 | 0 | 0 |
_aСрпске народне приповиjетке, загонетке и пословице _nКн. 1. Српске народне приповиjетке и загонетке |
| 246 | _aКн. 1- | ||
| 260 |
_aБеоград _bШтамп. краль. Србиjе _c1897 _g18971907 |
||
| 300 |
_aХVI, 424 с _c23 см |
||
| 380 | _a82 | ||
| 490 | _aВукова дjела | ||
| 490 |
_aЧастна колекция - Академик Михаил Арнаудов _gДарение - Основен фонд |
||
| 655 |
_aсръбска литература _9397241 |
||
| 700 | 1 |
_aВук Стеф. Караджич _9399229 |
|
| 852 | _aМА 2741 | ||
| 942 |
_cKNG _n0 _s1 |
||
| 944 |
_aCR _c1997 _kValK |
||
| 999 | _d344309 | ||